| 000 | 00526cam a22002174a 4500 | ||
|---|---|---|---|
| 005 | 20250605164254.0 | ||
| 008 | 250528s ||||||||||||||||||||||||d | ||
| 035 | _a21867 | ||
| 020 | _a9780321116291 | ||
| 040 |
_aGR-AtMCL _bgre _dGR-AtMCL _eAACR2 |
||
| 245 | 1 | _aDESIGNING INTERACTIVE SYSTEMS | |
| 250 | _a1 | ||
| 260 |
_bAddison-Wesley, _c2005 |
||
| 300 | _a789 | ||
| 700 | 1 |
_aBenyon David _97762 |
|
| 700 | 1 |
_aTurner Phil _97763 |
|
| 700 | 1 |
_aTurner Susan _97764 |
|
| 942 | _cBK | ||
| 999 |
_c6925 _d6925 |
||